000 00604cam a22002291 4500
001 sa 67006673
003 DLC
005 20260227112409.0
008 750317s1966 xx 000 0 eng
010 _asa 67006673
035 _a(OCoLC)1220546
040 _aDLC
_cTxDW
_dDLC
042 _apremarc
050 0 0 _aHQ1121
_b.V4
082 _a301.41/2
100 1 _aVenkatarayappa, K. N.
245 1 0 _aFeminine roles
_c[by] K.N. Venkatarayappa.
260 _aBombay,
_bPopular Prakashan
_c[1966]
300 _avi, 139 p.
_c23 cm.
504 _aBibliography: p. [123]-127.
650 0 _aWomen
_xHistory.
999 _c76089
_d76089